Fundamentals of Data Structures (Record no. 179)

MARC details
000 -LEADER
fixed length control field 00429nam a22001577a 4500
005 - DATE AND TIME OF LATEST TRANSACTION
control field 20180208141949.0
008 - FIXED-LENGTH DATA ELEMENTS--GENERAL INFORMATION
fixed length control field 160428b xxu||||| |||| 00| 0 eng d
041 ## - LANGUAGE CODE
Language code of text/sound track or separate title eng
082 ## - DEWEY DECIMAL CLASSIFICATION NUMBER
Item number 00627
Classification number 005.73
100 ## - MAIN ENTRY--AUTHOR NAME
Personal name Horowitz, Ellis and sahni, sartaj
245 ## - TITLE STATEMENT
Title Fundamentals of Data Structures
260 ## - PUBLICATION, DISTRIBUTION, ETC. (IMPRINT)
Place of publication New Delhi
Name of publisher Galgotia Publ. Pvt. Ltd.
Year of publication 2003
300 ## - PHYSICAL DESCRIPTION
Number of Pages 564
650 ## - SUBJECT ADDED ENTRY--TOPICAL TERM
Topical Term Information Technology
942 ## - ADDED ENTRY ELEMENTS (KOHA)
Koha item type Books
Holdings
Lost status Damaged status Collection code Home library Current library Shelving location Date acquired Cost, normal purchase price Full call number Accession Number Koha item type
    CS/IT JRU Library JRU Library SHELF-55-D 28/04/2016 230.00 005.73 00627 Books
    CS/IT JRU Library JRU Library SHELF-55-D 28/04/2016 230.00 005.73 00628 Books
    CS/IT JRU Library JRU Library SHELF-55-D 28/04/2016 230.00 005.73 00629 Books